Differential Geometry of Curves and Surfaces.
保存先:
| 第一著者: | |
|---|---|
| フォーマット: | 不明 |
| 出版事項: |
Garden City, New York, United States:
Dover Publications,
2016.
|
| 版: | Revised and Updated Second Edition. |
| 主題: | |
| オンライン・アクセス: | Disponible Online |
| タグ: |
タグ追加
タグなし, このレコードへの初めてのタグを付けませんか!
|
MARC
| LEADER | 00000 a2200000 4500 | ||
|---|---|---|---|
| 003 | CL-VaPUC | ||
| 005 | 20220914105632.0 | ||
| 008 | 220822t2016 ||||| |||| 00| 0 eng d | ||
| 020 | |a 9780486806990 | ||
| 040 | |c Pontificia Universidad Católica de Valparaíso | ||
| 082 | 7 | |a 516.36 CAR 2016 |2 22 | |
| 100 | |a Carmo, Manfredo Do |9 875639 |e author | ||
| 245 | |a Differential Geometry of Curves and Surfaces. | ||
| 250 | |a Revised and Updated Second Edition. | ||
| 260 | |a Garden City, New York, United States: |b Dover Publications, |c 2016. | ||
| 300 | |a 510 páginas. | ||
| 583 | |c 20220822 | ||
| 650 | |a Geometría diferencial |x Curvas |9 875738 | ||
| 650 | |a Geometría diferencial |x Superficies |9 875739 | ||
| 856 | |u http://bibliografiadigital.pucv.cl.pucv.idm.oclc.org/index.php/bibliotecapucv/catalog/book/382 |y Disponible Online | ||
| 942 | |2 ddc |c BK | ||
| 999 | |c 438359 |d 438357 | ||
| 952 | |0 0 |1 0 |2 ddc |3 erb |4 0 |6 516_360000000000000_CAR_2016 |7 0 |8 A |9 491958 |a BIBMAT |b BIBMAT |i 5530059 |l 16 |o 516.36 CAR 2016 |p 5530059 |r 2025-01-07 |s 2024-11-29 |t 1 |w 2019-11-24 |y BK |z Catalogado en:20190118 |k MAT | ||
| 952 | |0 0 |1 0 |2 ddc |3 erb |4 0 |6 516_360000000000000_CAR_2016 |7 0 |8 A |9 491959 |a BIBMAT |b BIBMAT |i 5530067 |l 15 |m 12 |o 516.36 CAR 2016 |p 5530067 |r 2025-01-07 |s 2024-09-04 |t 2 |w 2019-11-24 |y BK |z Catalogado en:20190118 |k MAT | ||
| 952 | |0 0 |1 0 |2 ddc |4 0 |6 516_360000000000000_CAR_2016 |7 0 |8 A |9 586305 |a BIBMAT |b BIBMAT |c GEN |d 2022-08-22 |e 1 |g 18941.00 |i 5654202 |l 6 |m 14 |o 516.36 CAR 2016 |p 5654202 |r 2025-01-07 |s 2024-08-05 |t 3 |v 18941.00 |w 2022-08-22 |y BK |k MAT | ||
| 952 | |0 0 |1 0 |2 ddc |4 0 |6 516_360000000000000_CAR_2016 |7 0 |8 A |9 586742 |a BIBMAT |b BIBMAT |d 2022-09-14 |e 1 |g 33912.00 |i 5654654 |l 9 |m 7 |o 516.36 CAR 2016 |p 5654654 |r 2025-01-07 |s 2024-11-28 |t 4 |v 33912.00 |w 2022-09-14 |y BK |k MAT | ||